| 000 | 00718cam a22002533a 4500 | ||
|---|---|---|---|
| 001 | 16422 | ||
| 003 | PGUSA | ||
| 005 | 20140828083341.0 | ||
| 008 | 050803s2005||||xxu|||||s|||||000 1 eng d | ||
| 040 |
_aPGUSA _beng |
||
| 042 | _adc | ||
| 050 | 4 | _aPT | |
| 100 | 1 |
_aFlygare-Carlén, Emilie, _d1807-1892 |
|
| 245 | 1 | 4 |
_aThe Home in the Valley _h[electronic resource] / _cEmilie Flygare-Carlén |
| 260 |
_bProject Gutenberg, _c2005 |
||
| 506 | _aPublic domain in the USA. | ||
| 516 | _aElectronic text | ||
| 653 | _aDomestic fiction | ||
| 653 | _aSweden -- Fiction | ||
| 700 | 1 |
_aPerce, Elbert, _d1831-1869 |
|
| 830 | 0 |
_aProject Gutenberg _v16422 |
|
| 856 | 4 | 0 | _uhttp://www.gutenberg.org/ebooks/16422 |
| 942 | _cEB | ||
| 999 |
_c245677 _d245677 |
||